Reneé Rapp - Chansons de l'EP Everything to Everyone - Statistiques

Statistiques générales
  • Ce quiz a été pris 14 fois
  • Le résultat moyen est 9 sur 9
Statistiques - réponses
Hint Réponse % Correct
Album Colorado
100%
Album Deluxe Everything to Everyone (Extended Version)
100%
Album Don't Tell My Mom
100%
Album In the Kitchen
100%
Album Moon
100%
Album Too Well
100%
Album What Can I Do
100%
Album Deluxe Bruises
92%
Album Everything to Everyone (Intro)
75%
Aucun quiz correspondant
Distribution des résultats
% des personnes avec chaque résultat
Percentile par nombre de réponses
Votre historique - résultats
Vous n’avez pas pris ce quiz